Seguridad y desmovilización social en América Latina/

Đã lưu trong:
Chi tiết về thư mục
Tác giả chính: Martínez Sánchez, Tomás
Định dạng: Sách
Ngôn ngữ:Spanish
Các nhãn: Thêm thẻ
Không có thẻ, Là người đầu tiên thẻ bản ghi này!

MARC

LEADER 00000nam a22000007a 4500
003 cru CIDCACS/IIS
005 20170515151836.0
008 170515b2011 MX ||||| |||| 00| 0 spa d
040 |c cru CIDCACS/IIS 
090 |a 04.03.01 C146a 
100 1 |9 4747  |a Martínez Sánchez, Tomás 
245 |a Seguridad y desmovilización social en América Latina/  |h Tomás Martínez Sánchez 
300 |a páginas 219-244 
942 |2 ddc  |c LI 
773 0 |0 19013  |9 376  |a Calderón Rodríguez, José María  |b 1. era edición   |d México, D.F. UNAM 2011  |o 17948  |t América Latina.  
999 |c 19318  |d 19318